| 000 | 02407nam0a2200349 4500 | ||
|---|---|---|---|
| 001 | RU\NLR\bibl\1509567 | ||
| 005 | 20260407225303.0 | ||
| 010 |
_a978-5-89508-095-5 _9100 |
||
| 021 |
_aRU _b2010-22302 _91500 |
||
| 035 | _a(nilc)RSL-KNO-004621829 | ||
| 035 | _a(NLR Aleph) 001500970 | ||
| 090 |
_a1795408 _c1795408 |
||
| 100 | _a20100330d2010 |||y0rusy50 ca | ||
| 101 | 0 | _arus | |
| 102 | _aRU | ||
| 105 | _ay ||||||||| | ||
| 200 | 1 |
_aСоздание механизма инновационно-технологического развития экономики России _eсборник материалов методологического семинара аспирантов, 3 декабря 2009 г., г. Москва, Российский государственный институт интеллектуальной собственности _fГос. образовательное учреждение высш. проф. образования "Российский гос. ин-т интеллектуальной собственности" (ГОУ ВПО РГИИС), Каф. "Упр. инновациями и коммерциализация интеллектуальной собственности" _g[отв. ред.: Королева Е. В., Симонов Б. П.] |
|
| 210 |
_aМосква _cРоссийский гос. ин-т интеллектуальной собственности _d2010 |
||
| 215 |
_a124 с. _cил., табл. _d21 |
||
| 320 | _aБиблиогр. в конце ст. | ||
| 606 | 1 |
_aИнновационные процессы _jСъезды, совещания и т.п. _xРегулирование _92612735 _3RU\NLR\auth\661549293 |
|
| 686 |
_aУ9(2)0-551.1я431(2) _2rubbk |
||
| 686 | _aУ9(2)-55-21я431 | ||
| 702 | 1 |
_4070 _8rus _7ca _aКоролева _bЕ. В. _cд-р экон. наук, патентоведение _gЕлена Владимировна _3RU\NLR\AUTH\7781512 _964440 |
|
| 711 | 0 | 2 |
_aРоссийский государственный институт интеллектуальной собственности _bМетодологический семинар аспирантов _f2009 _eМосква _3RU\NLR\AUTH\8810153851 _9802821 |
| 801 | 0 |
_aRU _bРГБ _c20100330 _grcr |
|
| 801 | 1 |
_aRU _bРГБ _c20100330 |
|
| 801 | 2 |
_aRU _bNLR _c20100511 _grcr |
|
| 942 | _cBOOK | ||
| 980 | _aNB | ||